Loading...
Current Events | 1 | 20.00 | 100% | 100% | 0% |
Fine Arts - Auditory Fine Arts | 4 | 20.00 | 100% | 100% | 0% |
Fine Arts - Other Fine Arts | 5 | 20.00 | 100% | 60% | 40% |
Fine Arts - Visual Fine Arts | 3 | 20.00 | 67% | 100% | 33% |
History - American History | 5 | 12.00 | 100% | 20% | 0% |
History - European History | 3 | 20.00 | 100% | 100% | 0% |
History - Other History | 3 | 26.67 | 100% | 100% | 67% |
History - World History | 5 | 18.00 | 100% | 40% | 40% |
Literature - American Literature | 3 | 23.33 | 100% | 100% | 33% |
Literature - British Literature | 4 | 17.50 | 75% | 75% | 25% |
Literature - European Literature | 4 | 17.50 | 100% | 75% | 0% |
Literature - World Literature | 5 | 24.00 | 100% | 100% | 40% |
Mythology | 3 | 16.67 | 100% | 67% | 0% |
Other Academic | 1 | 10.00 | 100% | 0% | 0% |
Philosophy | 2 | 15.00 | 100% | 50% | 0% |
Pop Culture | 2 | 20.00 | 100% | 100% | 0% |
Religion | 3 | 13.33 | 67% | 67% | 0% |
Science - Biology | 7 | 15.71 | 100% | 43% | 14% |
Science - Chemistry | 6 | 15.00 | 100% | 50% | 0% |
Science - Other Science | 3 | 20.00 | 67% | 100% | 33% |
Science - Physics | 4 | 10.00 | 50% | 50% | 0% |
Social Science | 6 | 18.33 | 100% | 67% | 17% |